Derecho mercantil
Saved in:
| Hovedforfatter: | |
|---|---|
| Format: | Bog |
| Sprog: | spansk |
| Udgivet: |
Barcelona
Marcial Pons
1998
|
| Udgivelse: | 25a. ed |
| Fag: | |
| Tags: |
Tilføj Tag
Ingen Tags, Vær først til at tagge denne postø!
|
MARC
| LEADER | 00000nam a2200000 a 4500 | ||
|---|---|---|---|
| 001 | UCP3190 | ||
| 003 | CL-VaPUC | ||
| 008 | 990611e19980000SP |||||||||||||||||spa|d | ||
| 082 | 0 | 4 | |a 346.4607 |b URI |2 21 |
| 100 | 0 | |a Uría González, Rodrigo |e author |9 430404 | |
| 245 | 1 | 0 | |a Derecho mercantil |
| 250 | |a 25a. ed | ||
| 300 | |a 1265 p | ||
| 942 | |c BK | ||
| 945 | |d 19990611 00:00:00 |a vberengu | ||
| 260 | |a Barcelona |b Marcial Pons |c 1998 | ||
| 650 | 0 | |a Comercio |9 255341 | |
| 650 | 0 | |a Derecho comercial |9 256340 | |
| 650 | 0 | |a Empresas |9 255569 | |
| 650 | 0 | |a Contratos |9 255153 | |
| 650 | 7 | |a EMPRESARIO |2 CL-VaPUC |9 375899 | |
| 650 | 0 | |a Sociedades |9 259052 | |
| 650 | 0 | |a Crédito |9 256211 | |
| 650 | 0 | |a Títulos de valores |9 386684 | |
| 650 | 0 | |a Derecho marítimo |9 255301 | |
| 583 | |a last modification |c 19990611 00:00:00 |k Rodrigo Vera | ||
| 999 | |c 281610 |d 281608 | ||
| 952 | |0 0 |1 0 |4 0 |6 346_460700000000000_URI_1998 |7 0 |8 A |9 322479 |a BIBDER |b BIBDER |d 2019-11-20 |i 3488586 |o 346.4607 URI 1998 |p 3488586 |r 2019-11-20 |w 2019-11-20 |y BK |k DER | ||